00000000nam 2200000za 4500
0019.674442
003CaOODSP
00520250120163814
007cr |||||||||||
008150407|2005||||xxc|||||o    f|0| 0 por d
020 |a0-662-02820-1
040 |aCaOODSP|bfre
043 |an-cn---
0861 |aCD4-28/5-2005Por-PDF
1101 |aCanada.|bAgence canadienne de développement international.
24510|a[Programme Brésil-Canada de promotion de l'équité - PECPE intra-Brésil. Livret 5] |h[ressource électronique]
2461 |aPrograma Brasil-Canadá para a promocão da eqüidade - PIPE Intra-Brasil. Folheto 5
250 |a[Édition portugais].
260 |aGatineau - Québec : |bAgence canadienne de développement international |c2005.
300 |a7p.
500 |aPublié aussi en français sous le titre : Programme Brésil-Canada de promotion de l'équité - PECPE intra-Brésil. Livret 5.
546 |aTexte en portugais.
590 |a12-23-Supp|b2012-05-28
69107|aDéveloppement du commerce international|2gcpds
69107|aProgramme international|2gcpds
77508|tProgramme Brésil-Canada de promotion de l'équité - PECPE intra-Brésil. Livret 5 |w(CaOODSP)9.632085
791 |t[Brazil-Canada Equity Promotion Program - KEEP intra-Brazil. Booklet 5] |eeng|w(CaOODSP)9.674441
85640|ahttp://publications.gc.ca|qPDF|s241 Ko|uhttps://publications.gc.ca/collections/collection_2012/acdi-cida/CD4-28-5-2005-por.pdf